00405pab a2200145 454500008004000000100002100040245008200061260000900143300001500152362000800167650001800175650001500193700002200208773002900230180718b2015 xxu||||| |||| 00| 0 eng d aOrrenius, Pia M. aThe effect of temporary protected status on immigrants' labor market outcomes c2015 ap.576-580. aMay aLabour market aImmigrants aZavodny, Madeline aAmerican Economic Review